LEADER 01908nas a2200409 i 4500 001 991002816359707536 005 20260216090820.0 008 011205d19612002ii tr | |eng 022 $a0581-572X 035 $ab1171203x-39ule_inst 035 $aPERLE008004 040 $aBibl. Dip.le Aggr. Matematica e Fisica - Sez. Matematica$beng 080 $aCDU 311.312 082 04$a315 222 0$aSankhya. Series A 245 00$aSankhya. Series A :$bIndian journal of statistics /$cIndian Statistical Institute 260 $aCalcutta :$bStatistical publishing society,$c1961-2002 310 $aQuadrimestrale,$b1981-2002 321 $aTrimestrale,$b1961-1980 362 0 $aVol. 23, no. 1 (Feb. 1961)-v. 64, no. 3, pt. 2 (Oct. 2002) 500 $aDal 1989 pubblicato da: Indian statistical institute 580 $aFuso con: Sankhya. Series B, dall'anno 2003, per formare: Sankhya. The Indian Journal of Statistics 591 $aCodice CNR: P 00017386 592 $aLE013 1961-1997;1999-2002. lac.: 1961-1962;1966; 592 $aLE025 1999-2001; 710 2 $aIndian Statistical Institute$eauthor$4http://id.loc.gov/vocabulary/relators/aut$0503926 780 01$aSankhya : The Indian journal of statistics$x0036-4452 785 02$tSankhya. The Indian Journal of Statistics$g[2003-2007]$x0972-7671 907 $a.b1171203x$b15-10-19$c08-07-02 912 $a991002816359707536 945 $aLE013$g1$lle013$o-$pE0.00$q-$rn$so$t18$u0$v0$w0$x0$y.i1194867x$z08-07-02 945 $aLE013$cVol. 64 (2002)$g1$lle013$on$pE64.28$q-$rn$so$t18$u0$v0$w0$x0$y.i12817855$z21-10-03 945 $aLE025$g1$lle025$o-$pE0.00$q-$rn$so$t18$u0$v0$w0$x0$y.i11948681$z08-07-02 945 $aLE025$g1$lle025$nAbbonamento 2003$on$pE55.00$q-$rn$so$t18$u0$v0$w0$x0$y.i1257076x$z24-09-03 996 $aSankhya. Series A$91453709 997 $aUNISALENTO 998 $a(3)le013$a(2)le025$b01-01-01$cs$da$e-$feng$gii$h0$i5